Statistics for Guess the flag#2

Click here to take the quiz!

General Stats

  • This quiz has been taken 8 times
  • The average score is 12 of 16

Answer Stats

Answer% Correct
Canada
100%
France
100%
Italy
100%
New Zealand
100%
Poland
100%
Ghana
88%
Mexico
88%
Peru
75%
Guatemala
63%
Senegal
63%
Yemen
63%
Ecuador
50%
Oman
50%
El Salvador
38%
Haiti
38%
Vanuatu
38%

Score Distribution

Percentile by Number Answered

Percent of People with Each Score

Your Score History

You have not taken this quiz